000 00576nam a2200205Ia 4500
005 20260415160348.0
008 008 250505s9999 xx 000 0 eng d
037 _aTextual
040 _aFEDL
_beng
_cFEDL
041 _aeng
_2eng
084 _a150.195 LOR
_qFEDL
100 _aLorand Sandor Ed.
_9755888
245 0 _aPsychoanalysis today
260 _aNew York, USA
_bInternational Universities Press
_c1944
300 _axvi,404p
365 _aINR
_b6
650 _aPsychology
942 _cTEXL
_h150.195 LOR
999 _c1322122
_d1322122